| 000 | 01193nam a2200325 a 4500 | ||
|---|---|---|---|
| 001 | BRCA_385 | ||
| 005 | 20190320203003.0 | ||
| 008 | 860113s1986 nyua---##b---#000-0#eng-d | ||
| 041 | _aeng | ||
| 044 | _anyu | ||
| 050 | 4 |
_aNE1325 _b.A53 1986 |
|
| 100 | 1 |
_aAndo, Hiroshige _d1797-1858 _91295 |
|
| 245 | 1 | 0 |
_aOne Hundred Famous Views of Edo _cHiroshige ; Introductory Essays by Henry D. Smith II and Amy G. Poster ; Commentaries on the Plates by Henry D. Smith ; Preface by Robert Buck. |
| 260 |
_aNueva York _bG. Braziller _c1986. |
||
| 300 |
_a256 p. _bil. _c37 cm. |
||
| 500 | _aTitulo del lomo: Hiroshige | ||
| 500 | _aLáminas reproducidas de la serie de impresiones en el museo de Brooklyn, Brooklyn, N.Y., número de acceso X648.1 | ||
| 500 | _aDonación Fundación Japón | ||
| 504 | _aBibliografía: p. 256. | ||
| 600 | 1 | 4 |
_aAndo, Hiroshige _d1797-1858 _91295 |
| 610 | 2 | 4 |
_aBrooklyn Museum _91296 |
| 650 | 1 | 4 |
_aUkiyoe _91161 |
| 650 | 1 | 4 |
_aTokyo (Japan) en arte _91297 |
| 700 | 1 |
_aSmith, Henry DeWitt _91298 |
|
| 700 | 1 |
_aBuck, Robert _91299 |
|
| 700 | 1 |
_aPoster, Amy G. _d1946- _91300 |
|
| 710 | 2 |
_aBrooklyn Museum of Art (Nueva York) _91301 |
|
| 902 | _aDFJ | ||
| 942 |
_2lcc _cB |
||
| 999 |
_c321 _d321 |
||